Ekonomika práce

Guardado en:
Detalles Bibliográficos
Autor principal: Hochman, Josef
Formato: Libro
Lenguaje:checo
Publicado: Brno Vysoké učení technické 1986
Edición:2. vyd.
Etiquetas: Agregar Etiqueta
Sin Etiquetas, Sea el primero en etiquetar este registro!

MARC

LEADER 00000nam a2200000 4500
001 c032459
005 20221220071438.1
041 0 |a cze 
044 |a CZ 
245 1 0 |a Ekonomika práce  |c Josef Hochman 
250 |a 2. vyd. 
264 1 |a Brno  |b Vysoké učení technické  |c 1986 
300 |a 215 s. 
100 1 |a Hochman, Josef